书目信息 |
| 题名: |
梁思成全集
|
|
| 作者: | 梁思成 著 | |
| 分册: | 第五卷 | |
| 出版信息: | 北京 中国建筑工业出版社 2001.04 |
|
| 页数: | 468页 | |
| 开本: | 29cm | |
| 丛书名: | ||
| 单 册: | ||
| 中图分类: | TU-52 | |
| 科图分类: | ||
| 主题词: | 建筑学 | |
| 电子资源: | ||
| ISBN: | 7-112-04429-4 | |
| 000 | 00556nam0 2200193 45 | |
| 001 | 2155096939 | |
| 005 | 20211221151820.44 | |
| 010 | @a7-112-04429-4@b精装@dRMB 105.00 | |
| 100 | @a20020415d2001 km y0chiy0120 ea | |
| 101 | 0 | @achi |
| 102 | @aCN@b110000 | |
| 200 | 1 | @a梁思成全集@ALiang Si Cheng Quan Ji@h第五卷@f梁思成著@Fliang si cheng zhu |
| 210 | @a北京@c中国建筑工业出版社@d2001.04 | |
| 215 | @a468页@d29cm | |
| 606 | 0 | @a建筑学 |
| 690 | @aTU-52@v3 | |
| 701 | 0 | @a梁思成@Aliang si cheng@4著 |
| 801 | 0 | @aCN@bPFT@c20211221 |
| 905 | @a10447@dTU-52@eL410:5 | |
| 梁思成全集.第五卷/梁思成著.-北京:中国建筑工业出版社,2001.04 |
| 468页;29cm |
| ISBN 7-112-04429-4(精装):RMB 105.00 |
| ● |
| 相关链接 |
|
|
|
正题名:梁思成全集
索取号:TU-52/L410:5
 
预约/预借
| 序号 | 登录号 | 条形码 | 馆藏地/架位号 | 状态 | 备注 |
| 1 | 1507284 | 215072846 | 博物馆资料室/ [索取号:TU-52/L410:5] | 在馆 |